Bible characters from the New Testament. (Record no. 5099)

000 -LEADER
fixed length control field 00580nam a2200181 a 4500
001 - CONTROL NUMBER
control field :::00002840$&:&@@
003 - CONTROL NUMBER IDENTIFIER
control field OkBaRHE
005 - DATE AND TIME OF LATEST TRANSACTION
control field 20000607103257.0
008 - FIXED-LENGTH DATA ELEMENTS--GENERAL INFORMATION
fixed length control field s1981 j 000 0 eng u
040 ## - CATALOGING SOURCE
Transcribing agency
100 1# - MAIN ENTRY--PERSONAL NAME
Personal name Whyte, Alexander, 1836-1921.
245 10 - TITLE STATEMENT
Title Bible characters from the New Testament.
260 ## - PUBLICATION, DISTRIBUTION, ETC. (IMPRINT)
Place of publication, distribution, etc New Canaan, CT., :
Name of publisher, distributor, etc Keats Publishing, Inc.
Date of publication, distribution, etc c1981
300 ## - PHYSICAL DESCRIPTION
Extent v. (1-2) ;
Dimensions 21 cm.
650 ## - SUBJECT ADDED ENTRY--TOPICAL TERM
Topical term or geographic name as entry element Bible New Testament
General subdivision Biography
942 ## - ADDED ENTRY ELEMENTS (KOHA)
Source of classification or shelving scheme
Koha item type Books
Copies
Not for loan Koha item type Date acquired Permanent Location Barcode Date last seen Lost status Source of classification or shelving scheme Price effective from Full call number Withdrawn status Copy number Damaged status Shelving location
 Books2010-04-14RHEMA Bible Training College28402010-04-14  2010-04-14BS 2430 .W54 1 General Stacks